000 00279nam a2200121Ia 4500
008 190216s9999||||xx |||||||||||||| ||und||
100 _aUroob
245 0 _aVasantayute Amma
260 _bPoorna Pubs Kozhikode
_c1972
300 _a120p
650 _aMalayalam Novel
942 _cBK
999 _c26986
_d26986